One-club international football teams - Statistics

General Stats
  • This quiz has been taken 26 times
  • The average score is 2 of 5
Answer Stats
Country Club % Correct
Belgium, 1964 (v Netherlands) Anderlecht
87%
Italy, 1947 (v Hungary) Torino
57%
Scotland, 1872 (v England) Queen's Park
43%
USSR, 1975 (v Ireland) Dynamo Kiev
35%
England, 1894 (v Wales) Corinthians
9%
No matching quizzes found
Score Distribution
Percent of People with Each Score
Percentile by Number Answered
Your Score History
You have not taken this quiz